000 00225nam a22000977a 4500
003 OSt
008 210118b ||||| |||| 00| 0 eng d
082 _a627.83
_bSOW/EA
245 _aEarth and rockfill dam engineering
942 _cBK
999 _c16677
_d16677